| 000 | 00444 a2200157 4500 | ||
|---|---|---|---|
| 999 |
_c6229 _d6229 |
||
| 020 | _a9781779034809 | ||
| 050 | _aH 83 BEN 2011 | ||
| 100 |
_aBenoy, H _eauthor |
||
| 245 |
_aStep in living and working together grade 2: _bpupil's book/ _cH Benoy & J Burmister |
||
| 264 |
_aHarare: _bLongman _c2011 |
||
| 300 |
_a76p.: _bill.(col.) |
||
| 500 | _aText | ||
| 650 | _aSocial studies | ||
| 700 |
_aBurmister, J. _eauthor |
||
| 942 |
_2lcc _cBK _h83 _iBEN _kH |
||